Research and theory in advacing spatial data infrastructure concepts

Gespeichert in:
Bibliographische Detailangaben
Format: Buch
Sprache:Englisch
Veröffentlicht: Redlands : ESRI Press, 2007
Ausgabe:1.vyd.
Tags: Tag hinzufügen
Keine Tags, Fügen Sie das erste Tag hinzu!

MARC

LEADER 00000nam a22000003a 4500
001 stu191455
005 20141123071955.4
008 091005s2007----xxu-----------------eng-d
020 |a 978-1-58948-162-6 
040 |a STU  |b slo 
041 0 |a eng 
044 |a xxu 
245 |a Research and theory in advacing spatial data infrastructure concepts 
250 |a 1.vyd. 
260 |a Redlands :  |b ESRI Press,  |c 2007 
300 |a X,293 s 
996 |c V*50552/O-22613  |l VV3  |s P  |a 0  |w stu191455_0001